000 00762nam a2200205 i 4500
001 92379
003 ES-MaACL
005 20250728030707.0
007 t|
008 050307s1983 sp ||||1| spa d
100 1 _aLimiñana López, Pascual.
_972316
245 1 0 _aPretérito y presente de nuestra villa
_b: Monforte del Cid /
_cPascual Limiñana López.
260 _aAlicante :
_b[Caja de Ahorros Provincial],
_c1983.
300 _a180 p. :
_bil. ;
_c22 cm.
490 1 _aPublicaciones de la Caja de Ahorros Provincial ;
_v107
710 2 _aCaja de Ahorros Provincial de Alicante.
_92280
830 0 0 _aPublicaciones de la Caja de Ahorros Provincial de Alicante
_v107
_9186986
852 _aES-MaACL
_jL-5893
_bR.106223
999 _c92379
_d92379